| 000 | 00659nam a2200217 a 4500 | ||
|---|---|---|---|
| 001 | BRCA_377 | ||
| 005 | 20190320203001.0 | ||
| 008 | 230805s1984----us-a---###---#000-0#eng-# | ||
| 020 | _a0195543696 | ||
| 050 | 4 |
_aNK5390 _b.Z56 1984 |
|
| 100 | 1 |
_aZimmer, Jenny _d1941- _91266 |
|
| 245 | 1 | 0 |
_aStained Glass in Australia _cJenny Zimmer. |
| 260 |
_aNueva York _bOxford University Press _c1984 |
||
| 300 |
_aviii, 178 p. _bil. (algunas a color) _c26 cm. |
||
| 500 | _aIncluye índice y glosario | ||
| 500 | _aDonación Consejo Británico | ||
| 504 | _aBibliografía: p. 168-170 | ||
| 650 | 1 | 4 |
_aVitrales _xHistoria _zAustralia _91267 |
| 902 | _aDCB | ||
| 942 |
_2lcc _cB |
||
| 999 |
_c313 _d313 |
||